Crossings of the Thames VI (Pic Click) Quiz Stats

 Plays Quiz not verified by Sporcle

Score 0/12 Timer 03:00
0 Plays Today
% Correct
M3
78.8%
Kingston Railway
78.8%
Shepperton to Weybridge Ferry
76.9%
Staines Railway
75%
Kingston
75%
M25
73.1%
Hampton Ferry
73.1%
Teddington Lock
73.1%
Hampton Court
71.2%
Walton
69.2%
Staines
65.4%
Chertsey
57.7%

You're not logged in!

Compare scores with friends on all Sporcle quizzes.
Join for Free
OR
Log In

Show Comments

Extras

Top Quizzes Today


Score Distribution

Your Account Isn't Verified!

In order to create a playlist on Sporcle, you need to verify the email address you used during registration. Go to your Sporcle Settings to finish the process.

Report this User

Report this user for behavior that violates our Community Guidelines.

Details: